Business intelligence with coldfusion / (Record no. 133183)

MARC details
000 -LEADER
fixed length control field 00803nam a22002417a 4500
005 - DATE AND TIME OF LATEST TRANSACTION
control field 20170124110205.0
010 ## - LIBRARY OF CONGRESS CONTROL NUMBER
LC control number B-061251
020 ## - INTERNATIONAL STANDARD BOOK NUMBER
Terms of availability 395.00
International Standard Book Number 812031820X
035 ## - SYSTEM CONTROL NUMBER
System control number B-061251
037 ## - SOURCE OF ACQUISITION
Source of stock number/acquisition Cen Lib/Ret
040 ## - CATALOGING SOURCE
Original cataloging agency DPL
Language of cataloging EN
082 ## - DEWEY DECIMAL CLASSIFICATION NUMBER
Classification number 005.13
Item number GOS
100 ## - MAIN ENTRY--PERSONAL NAME
Personal name Gosney, John W.
9 (RLIN) 37091
245 ## - TITLE STATEMENT
Title Business intelligence with coldfusion /
Statement of responsibility, etc by John W.Gosney [and] Christine M.Mears
260 ## - PUBLICATION, DISTRIBUTION, ETC. (IMPRINT)
Place of publication, distribution, etc New Delhi
Name of publisher, distributor, etc Prentice Hall of India
Date of publication, distribution, etc 2000
270 ## - ADDRESS
City New Delhi
Address M-97, Connaught Circus
Postal code 110001
300 ## - PHYSICAL DESCRIPTION
Extent xxii,456p. :
Dimensions 24cm(Hb)
Other physical details ill.
500 ## - GENERAL NOTE
General note Includes index
650 ## - SUBJECT ADDED ENTRY--TOPICAL TERM
Topical term or geographic name as entry element Coldfusion -- development
9 (RLIN) 37092
650 ## - SUBJECT ADDED ENTRY--TOPICAL TERM
Topical term or geographic name as entry element Project management
9 (RLIN) 21347
700 ## - ADDED ENTRY--PERSONAL NAME
Personal name Mears, Christine M.
9 (RLIN) 37093
942 ## - ADDED ENTRY ELEMENTS (KOHA)
Source of classification or shelving scheme Dewey Decimal Classification
Koha item type English Books
Classification part 005.13
Call number suffix GOS
Holdings
Withdrawn status Lost status Damaged status Not for loan Home library Current library Date acquired Source of acquisition Cost, normal purchase price Total Checkouts Full call number Barcode Date last seen Copy number Cost, replacement price Price effective from Koha item type
        Central Library Central Library 24/07/2015 Cen Lib/Ret 395.00   005.13 GOS B-061251 24/07/2015 1 395.00 24/07/2015 English Books

© Delhi Public Library
Hit Counter
free hit counter